[Event "Reykjavik Open 2018"]
[Site "Reykjavik ISL"]
[Date "2018.03.08"]
[Round "4.28"]
[White "Ptacnikova, Lenka"]
[Black "Fenil, Shah"]
[Result "0-1"]
[WhiteTitle "WGM"]
[BlackTitle "FM"]
[WhiteElo "2200"]
[BlackElo "2346"]
[WhiteFideId "305650"]
[BlackFideId "5019850"]
[EventDate "2018.03.06"]

1. Nf3 c5 2. e3 Nf6 3. d4 g6 4. c3 Bg7 5. Nbd2 b6 6. Be2 Bb7 7. O-O O-O 8. a4 d5
9. a5 Nbd7 10. b4 c4 11. Qc2 b5 12. Bb2 Qc7 13. Rad1 Rae8 14. Rfe1 a6 15. Bf1
Ne4 16. g3 f5 17. Bg2 e5 18. dxe5 Bxe5 19. Nf1 Bg7 20. N1d2 Qd8 21. Re2 Qf6 22.
Nb1 g5 23. Nd4 g4 24. Ree1 Ne5 25. Bf1 Qh6 26. Bg2 Rf6 27. Ne2 Ng5 28. Nd2 Nef3+
29. Bxf3 gxf3 30. Nd4 Qh3 31. N2xf3 Nxf3+ 32. Nxf3 d4 33. e4 Bxe4 34. Rxe4 fxe4
35. Nxd4 Ref8 36. Rf1 Rh6 37. f4 exf3 38. Nxf3 Re6 39. Bc1 Rxf3 0-1

[Event "Reykjavik Open 2018"]
[Site "Reykjavik ISL"]
[Date "2018.03.08"]
[Round "4.29"]
[White "Unuk, Laura"]
[Black "Sikkel, Dirk"]
[Result "1-0"]
[WhiteTitle "WIM"]
[WhiteElo "2346"]
[BlackElo "1937"]
[WhiteFideId "14609215"]
[BlackFideId "1050079"]
[EventDate "2018.03.06"]

1. d4 g6 2. c4 Bg7 3. Nf3 d6 4. Nc3 e5 5. dxe5 dxe5 6. Qxd8+ Kxd8 7. Bg5+ f6 8.
O-O-O+ Nd7 9. Bh4 g5 10. Bg3 c6 11. Ne4 Ke7 12. Nd6 Nh6 13. e4 Rd8 14. h4 g4 15.
Ne1 Nc5 16. Nxc8+ Raxc8 17. f3 Ne6 18. Nc2 f5 19. fxg4 Rxd1+ 20. Kxd1 f4 21. Be1
Nxg4 22. Ke2 h5 23. g3 Bh6 24. Bh3 Rf8 25. Kf3 Ne3 26. Nxe3 fxe3+ 27. Kg2 Nc5
28. Bf5 Rg8 29. Bb4 b6 30. Kf3 Rd8 31. Ke2 a5 32. Be1 Nd3 33. Bc3 Nf2 34. Rc1 c5
35. Be1 Nd3 36. Rd1 Nxb2 37. Rxd8 Kxd8 38. Be6 Ke7 39. Bg8 a4 40. a3 Kd7 41. Bc3 1-0

[Event "Reykjavik Open 2018"]
[Site "Reykjavik ISL"]
[Date "2018.03.08"]
[Round "4.30"]
[White "Mai, Aron Thor"]
[Black "Foisor, Sabina-Francesca"]
[Result "0-1"]
[BlackTitle "WGM"]
[WhiteElo "1975"]
[BlackElo "2326"]
[WhiteFideId "2313383"]
[BlackFideId "1212915"]
[EventDate "2018.03.06"]

1. d4 d5 2. Nc3 Bf5 3. Bf4 e6 4. e3 Bd6 5. Bd3 Bxf4 6. exf4 Ne7 7. Nf3 O-O 8.
Ne2 c5 9. Ng3 Bxd3 10. Qxd3 Ng6 11. Ne2 cxd4 12. O-O-O Nc6 13. g3 Qa5 14. Kb1
Rfc8 15. Nexd4 Nb4 16. Qb3 Rc4 17. c3 Na6 18. Qxb7 Rb8 19. Nc6 Qxa2+ 20. Kxa2
Rxb7 21. Ncd4 Nc5 22. Nd2 Ra4+ 23. Kb1 Nd3 24. N2b3 Nxf2 25. Nc5 Nxd1 26. Rxd1
Rxd4 27. Rxd4 Rc7 28. Nd3 Ne7 29. Rb4 f6 30. Rb5 Kf7 31. Rc5 Rxc5 32. Nxc5 e5
33. fxe5 fxe5 34. Kc2 Kf6 35. Kd2 Kf5 36. h3 h5 37. Ke3 g5 38. b3 g4 39. h4 Kf6
40. Kf2 Nf5 41. c4 e4 42. cxd5 e3+ 43. Ke2 Ke5 44. Nd7+ Kxd5 45. Nf6+ Kd4 46.
Nxh5 a5 47. Ke1 Ke4 48. Ke2 Nd4+ 49. Ke1 Kf3 50. Nf4 Kxg3 51. Ng6 Kf3 52. h5
Nc2+ 53. Kd1 e2+ 54. Kxc2 e1=Q 0-1

[Event "Reykjavik Open 2018"]
[Site "Reykjavik ISL"]
[Date "2018.03.08"]
[Round "4.31"]
[White "Davidsson, Oskar Vikingur"]
[Black "Sarkar, Justin"]
[Result "0-1"]
[BlackTitle "IM"]
[WhiteElo "1882"]
[BlackElo "2322"]
[WhiteFideId "2310627"]
[BlackFideId "2010011"]
[EventDate "2018.03.06"]

1. e4 e5 2. Nf3 Nc6 3. Bb5 a6 4. Ba4 d6 5. O-O Bd7 6. c3 g6 7. d4 Bg7 8. h3 h6
9. Re1 Nge7 10. Be3 O-O 11. dxe5 dxe5 12. Nbd2 Kh7 13. Qe2 f5 14. exf5 gxf5 15.
Bc5 e4 16. Nd4 Nxd4 17. cxd4 Bxa4 18. Nxe4 fxe4 19. Qxe4+ Ng6 20. Bxf8 Qxf8 21.
Qxb7 Rb8 22. Qxa6 Rxb2 23. Re2 Bb5 0-1

[Event "Reykjavik Open 2018"]
[Site "Reykjavik ISL"]
[Date "2018.03.08"]
[Round "4.32"]
[White "Johannsson, Birkir Isak"]
[Black "Bewersdorff, Oliver"]
[Result "1/2-1/2"]
[BlackTitle "FM"]
[WhiteElo "1867"]
[BlackElo "2312"]
[WhiteFideId "2314673"]
[BlackFideId "4602897"]
[EventDate "2018.03.06"]

1. d4 Nf6 2. c4 g6 3. Nc3 Bg7 4. e4 O-O 5. h3 c6 6. Nf3 d5 7. e5 Ne4 8. Bd3 Nxc3
9. bxc3 dxc4 10. Bxc4 c5 11. O-O Nc6 12. Ba3 Na5 13. Bd3 cxd4 14. cxd4 Be6 15.
Qe2 Nc6 16. Qe3 Bd5 17. Be4 Qd7 18. Bxd5 Qxd5 19. Qb3 Qxb3 20. axb3 Rfd8 21.
Rfd1 Rd5 22. Bb2 Rad8 23. Rdc1 Rb5 24. Ra3 Rdd5 25. Ba1 e6 26. Rb1 Bf8 27. Ra2
h6 28. Bc3 Be7 29. Kf1 Bd8 30. Ke2 Bb6 31. Rd2 a5 32. Rbb2 Rd8 33. Rd3 Rbd5 34.
Rbd2 g5 35. Rd1 Kg7 36. R1d2 Kg6 37. Rd1 Ba7 38. R1d2 R5d7 39. Rd1 b5 40. R1d2
Bb6 41. Rd1 h5 42. g4 h4 43. Ke3 Rc8 44. Ke4 Rd5 45. Ng1 Ne7 46. Ne2 Rd7 1/2-1/2

[Event "Reykjavik Open 2018"]
[Site "Reykjavik ISL"]
[Date "2018.03.08"]
[Round "4.33"]
[White "L'Ami, Alina"]
[Black "Jonsson, Olafur Gisli"]
[Result "1-0"]
[WhiteTitle "IM"]
[WhiteElo "2306"]
[BlackElo "1822"]
[WhiteFideId "1210246"]
[BlackFideId "2302705"]
[EventDate "2018.03.06"]

1. d4 d5 2. c4 c6 3. Nf3 Nf6 4. Nc3 e6 5. Bg5 h6 6. Bh4 Nbd7 7. e3 Be7 8. Qc2
O-O 9. Rd1 a6 10. a3 Re8 11. Bd3 dxc4 12. Bxc4 Nd5 13. Bg3 Qa5 14. O-O Nxc3 15.
bxc3 c5 16. Bd3 b5 17. Be4 Ra7 18. d5 exd5 19. Bxd5 Nf6 20. Bc6 Rf8 21. Ne5 Qb6
22. c4 Bb7 23. Bd5 Bxd5 24. cxd5 Bd6 25. Nc6 Rd7 26. Bxd6 Rxd6 27. e4 Rd7 28. f3
c4+ 29. Kh1 Qc5 30. Qc3 Nh5 31. g3 Rd6 32. Ne7+ Kh8 33. Nf5 Rg6 34. d6 Rg5 35.
d7 Rd8 36. g4 Nf4 37. Nxh6 Qe7 38. Nf5 Qf8 39. Qe3 Ne6 40. h4 Rxf5 41. gxf5 Nc5
42. Rd5 Nd3 43. f6 g6 44. h5 Kh7 45. Rg1 Qh6 46. Qxh6+ Kxh6 47. hxg6 fxg6 48. e5 1-0

[Event "Reykjavik Open 2018"]
[Site "Reykjavik ISL"]
[Date "2018.03.08"]
[Round "4.34"]
[White "Kjartansson, Gudmundur"]
[Black "Mortensen, Rogvi"]
[Result "1/2-1/2"]
[WhiteTitle "IM"]
[WhiteElo "2432"]
[BlackElo "2018"]
[WhiteFideId "2301318"]
[BlackFideId "7202369"]
[EventDate "2018.03.06"]

1. Nf3 Nf6 2. c4 g6 3. g3 c6 4. b3 d5 5. Bg2 Bg7 6. Bb2 O-O 7. O-O dxc4 8. bxc4
Qb6 9. Qc2 c5 10. Nc3 Nc6 11. Rab1 Nb4 12. Qb3 Bf5 13. d3 Nxd3 14. exd3 Qxb3 15.
axb3 Bxd3 16. Ne5 Bxb1 17. Rxb1 Rad8 18. Na4 b6 19. Nc3 e6 20. Kf1 Rd2 21. Ke1
Rfd8 22. Nd1 h5 23. h3 Ne8 24. Ba1 Ra2 25. Bc3 Rc2 26. Ba1 Ra2 27. Bc3 Rc2 28.
Ba1 Ra2 29. Bc3 Rc2 1/2-1/2

[Event "Reykjavik Open 2018"]
[Site "Reykjavik ISL"]
[Date "2018.03.08"]
[Round "4.35"]
[White "Loiseau, Quentin"]
[Black "Reynolds, D Ian W"]
[Result "1-0"]
[WhiteTitle "IM"]
[WhiteElo "2427"]
[BlackElo "1999"]
[WhiteFideId "665274"]
[BlackFideId "410705"]
[EventDate "2018.03.06"]

1. d4 Nf6 2. c4 e6 3. Nf3 b6 4. g3 Ba6 5. Qc2 Bb7 6. Bg2 Bb4+ 7. Nbd2 Ne4 8. d5
exd5 9. O-O Nxd2 10. Nxd2 c6 11. cxd5 cxd5 12. Nc4 Qc7 13. Bf4 Qc8 14. Bxd5 O-O
15. Rfd1 Na6 16. a3 Be7 17. Qe4 Bxd5 18. Qxd5 Qc5 19. Qxc5 Nxc5 20. b4 Ne6 21.
Rxd7 Bf6 22. Rad1 Nxf4 23. gxf4 b5 24. Nd6 a6 25. Rd3 Bb2 26. Nb7 f5 27. e3 Rf7
28. Rxf7 Kxf7 29. Kf1 Ra7 30. Nc5 a5 31. Rb3 Bf6 32. bxa5 Rxa5 33. Nb7 Ra6 34.
Rxb5 Rxa3 35. Nd6+ Ke6 36. Nxf5 g6 37. Ng3 Ra2 38. Rb6+ Kf7 39. Rb7+ Kg8 40. Kg2
Rb2 41. Rxb2 Bxb2 42. Kf3 Kf7 43. f5 Kf6 44. fxg6 hxg6 45. Kg4 Ba3 46. f4 1-0

[Event "Reykjavik Open 2018"]
[Site "Reykjavik ISL"]
[Date "2018.03.08"]
[Round "4.36"]
[White "Birkisson, Bjorn Holm"]
[Black "Antal, Tibor Kende"]
[Result "0-1"]
[BlackTitle "FM"]
[WhiteElo "2022"]
[BlackElo "2419"]
[WhiteFideId "2310600"]
[BlackFideId "738581"]
[EventDate "2018.03.06"]

1. Nf3 d5 2. g3 Bg4 3. Bg2 Nd7 4. c4 c6 5. cxd5 cxd5 6. d4 Bxf3 7. Bxf3 e6 8.
O-O Ngf6 9. Nc3 Nb6 10. Bf4 Bd6 11. Bxd6 Qxd6 12. e4 dxe4 13. Nxe4 Nxe4 14. Bxe4
O-O-O 15. Bg2 Kb8 16. Qf3 Rd7 17. Rfd1 Rc8 18. Qb3 h5 19. h4 g6 20. a4 a5 21.
Qb5 Qb4 22. Qxb4 axb4 23. a5 Nd5 24. Rd2 Ka7 25. Ra4 Rc1+ 26. Kh2 Ka6 27. Bxd5
Rxd5 28. Rxb4 Rxa5 29. Kg2 Rd5 30. Rd3 b5 31. Rc3 Rd1 32. Rc7 Rf5 33. Rc5 Rxc5
34. dxc5 f5 35. c6 Rd6 36. c7 Rc6 37. Rd4 Kb6 38. Rd8 Kxc7 39. Re8 b4 40. Kf3 b3
41. Re7+ Kb6 42. Ke3 Kc5 43. Rb7 Kc4 44. Re7 Rb6 45. Rc7+ Kd5 46. Rd7+ Ke5 47.
f4+ Kf6 48. Kd4 Rb4+ 49. Kd3 e5 50. fxe5+ Kxe5 51. Re7+ Kf6 52. Re3 g5 53. hxg5+
Kxg5 54. Rf3 Kg4 55. Ke2 h4 56. Kf2 h3 57. Rd3 Rc4 58. Rxb3 Rc2+ 59. Kg1 Rg2+
60. Kh1 Rxg3 61. Rb8 f4 62. Rc8 Rb3 63. Rc2 Kg3 64. Kg1 Rb8 65. Rc3+ f3 66. Rc7
h2+ 67. Kh1 Rxb2 68. Rg7+ Kf2 69. Kxh2 Kf1+ 70. Kh3 f2 71. Re7 Rb8 72. Rf7 Rh8+
73. Kg3 Kg1 0-1

[Event "Reykjavik Open 2018"]
[Site "Reykjavik ISL"]
[Date "2018.03.08"]
[Round "4.37"]
[White "Bick, Gabriel"]
[Black "Mai, Alexander Oliver"]
[Result "1-0"]
[WhiteElo "2416"]
[BlackElo "1995"]
[WhiteFideId "2084058"]
[BlackFideId "2313391"]
[EventDate "2018.03.06"]

1. e4 e5 2. Nf3 Nc6 3. Bc4 Nf6 4. d3 Be7 5. O-O O-O 6. Re1 d6 7. a4 Na5 8. Ba2
c5 9. c3 Nc6 10. Na3 h6 11. Bd2 a6 12. h3 Rb8 13. Nc4 b5 14. axb5 axb5 15. Ne3
Re8 16. Nh2 b4 17. Nd5 Be6 18. Bb3 bxc3 19. bxc3 Qd7 20. Bc4 Rb7 21. Ra6 Nb8 22.
Ra8 Nxd5 23. exd5 Bf5 24. Nf1 Qc7 25. Ne3 Bd7 26. Qa1 Rf8 27. Nc2 Bg5 28. Be3 f5
29. Bxg5 hxg5 30. Rxe5 Qd8 31. Re1 g4 32. hxg4 Qh4 33. Qc1 fxg4 34. Qe3 Rf6 35.
Qg3 Qh5 36. Raa1 Rh6 37. Kf1 Rb2 38. Ra2 Rxa2 39. Bxa2 Ba4 40. Ne3 Qg6 41. Bc4
Qf6 42. Kg1 Qxc3 43. Rb1 Nd7 44. Nxg4 Rg6 45. Qf4 Qc2 46. Re1 Nf6 47. Ne3 Qd2
48. Ra1 Be8 49. Rd1 Qb2 50. Nf5 Qe2 51. Rf1 Ng4 52. d4 Rf6 53. Bxe2 1-0

[Event "Reykjavik Open 2018"]
[Site "Reykjavik ISL"]
[Date "2018.03.08"]
[Round "4.38"]
[White "Pigott, John C"]
[Black "Swati, Mohota"]
[Result "1-0"]
[WhiteTitle "IM"]
[BlackTitle "WFM"]
[WhiteElo "2403"]
[BlackElo "1991"]
[WhiteFideId "400459"]
[BlackFideId "5006511"]
[EventDate "2018.03.06"]

1. e4 d5 2. exd5 Qxd5 3. Nc3 Qa5 4. d4 Nf6 5. Bc4 c6 6. Bd2 Bf5 7. Nd5 Qd8 8.
Nxf6+ gxf6 9. Nf3 e6 10. O-O Nd7 11. Re1 Be7 12. Bf4 Nb6 13. Bb3 Nd5 14. Bh6 Qc7
15. c4 Nb6 16. d5 O-O-O 17. Rc1 Bb4 18. Rf1 Rhg8 19. Nh4 Bg4 20. f3 Bh5 21. Qd3
Bd6 22. f4 Bc5+ 23. Kh1 Bg6 24. f5 exf5 25. Bf4 Qd7 26. Qc3 Bh5 27. Qa5 Rg4 28.
Qxc5 Rxh4 29. Qa5 Be2 30. Qxa7 Rxf4 31. Rxf4 Qc7 32. Rf2 Bd3 33. d6 Qxd6 34.
Qxb6 Be4 35. Qe3 Rg8 36. Bc2 Rg4 37. Bxe4 Rxe4 38. Qh3 1-0

[Event "Reykjavik Open 2018"]
[Site "Reykjavik ISL"]
[Date "2018.03.08"]
[Round "4.39"]
[White "Thurlow, Kevin J"]
[Black "Thorfinnsson, Bjorn"]
[Result "0-1"]
[WhiteTitle "CM"]
[BlackTitle "IM"]
[WhiteElo "1999"]
[BlackElo "2399"]
[WhiteFideId "406104"]
[BlackFideId "2300982"]
[EventDate "2018.03.06"]

1. c4 Nf6 2. Nc3 e5 3. Nf3 Nc6 4. e3 Be7 5. a3 h6 6. Qc2 O-O 7. Be2 d6 8. O-O
Bg4 9. h3 Bh5 10. b4 Bg6 11. d3 Qd7 12. Bb2 Rac8 13. Rac1 Bd8 14. Nd5 Nxd5 15.
cxd5 Ne7 16. e4 f5 17. Qc4 Kh8 18. b5 Ng8 19. Bd1 Qf7 20. Qa4 Nf6 21. Rc4 b6 22.
Bc2 Nd7 23. Qxa7 fxe4 24. dxe4 Nc5 25. Bc1 Bf6 26. Rxc5 bxc5 27. b6 cxb6 28.
Qxb6 Qd7 29. Nd2 Rb8 30. Qa6 Ra8 31. Qe2 Rfb8 32. Nc4 Qe7 33. Qg4 Be8 34. f4 Bb5
35. fxe5 Bxe5 36. Nxe5 Qxe5 37. Rf5 Qd4+ 38. Rf2 Rf8 39. Bf4 Rxa3 40. Be3 Qxe3 0-1

[Event "Reykjavik Open 2018"]
[Site "Reykjavik ISL"]
[Date "2018.03.08"]
[Round "4.40"]
[White "Kavutskiy, Konstantin"]
[Black "Velez Romero, Juan Luis"]
[Result "1-0"]
[WhiteTitle "IM"]
[WhiteElo "2383"]
[BlackElo "1981"]
[WhiteFideId "2026384"]
[BlackFideId "2273187"]
[EventDate "2018.03.06"]

1. d4 Nf6 2. c4 c5 3. d5 e6 4. Nc3 exd5 5. cxd5 d6 6. e4 g6 7. Nge2 Bg7 8. Ng3
O-O 9. Be2 a6 10. a4 Re8 11. O-O Nbd7 12. f3 h5 13. Bg5 Qc7 14. Qd2 Nh7 15. Bh6
Bd4+ 16. Be3 h4 17. Nh1 Bg7 18. Nf2 Rb8 19. Rfc1 Qd8 20. Rab1 Ndf6 21. b4 cxb4
22. Rxb4 Nh5 23. Bxa6 Qa5 24. Bb5 Qxb4 25. Bxe8 N7f6 26. Bb5 Bd7 27. Bxd7 Nxd7
28. Nb5 Qxd2 29. Bxd2 Nc5 30. Bg5 Be5 31. Ng4 Bf4 32. Bxf4 Nxf4 33. Rc4 Rd8 34.
Nxd6 Rxd6 35. Rxc5 Ra6 36. a5 b6 37. Rc8+ Kg7 38. d6 Rxa5 39. d7 Nd3 40. h3 1-0

[Event "Reykjavik Open 2018"]
[Site "Reykjavik ISL"]
[Date "2018.03.08"]
[Round "4.41"]
[White "Ragnarsson, Johann"]
[Black "Bisby, Daniel L"]
[Result "0-1"]
[BlackTitle "FM"]
[WhiteElo "1985"]
[BlackElo "2339"]
[WhiteFideId "2301040"]
[BlackFideId "404586"]
[EventDate "2018.03.06"]

1. d4 Nf6 2. c4 g6 3. Nc3 Bg7 4. e4 d6 5. f3 a6 6. Bg5 c6 7. Nge2 b5 8. cxb5
axb5 9. a3 O-O 10. Ng3 Nbd7 11. Be2 Qb6 12. Rc1 Bb7 13. Qd2 c5 14. Be3 b4 15.
Nb1 bxa3 16. Nxa3 cxd4 17. Bxd4 Nxe4 18. Bxb6 Nxd2 19. Kxd2 Nxb6 20. Rc7 Bd5 21.
Rxe7 Bxb2 22. Nb5 Bf6 23. Rc7 Ra2+ 24. Rc2 Rxc2+ 25. Kxc2 Rc8+ 26. Kb1 Nc4 27.
Bxc4 Bxc4 28. Nxd6 Bd3+ 29. Ka2 Rc2+ 30. Kb3 Rb2+ 31. Ka4 Rxg2 32. Re1 Ra2+ 33.
Kb3 Rb2+ 34. Ka3 Rb8 35. Re8+ Rxe8 36. Nxe8 Be5 37. Ne4 Bxe4 0-1

[Event "Reykjavik Open 2018"]
[Site "Reykjavik ISL"]
[Date "2018.03.08"]
[Round "4.42"]
[White "Cummings, David H."]
[Black "Sajjadi, Kimiya"]
[Result "1-0"]
[WhiteTitle "IM"]
[WhiteElo "2322"]
[BlackElo "1958"]
[WhiteFideId "2603578"]
[BlackFideId "1516434"]
[EventDate "2018.03.06"]

1. c4 e5 2. Nc3 Nf6 3. Nf3 Nc6 4. e3 Bb4 5. Qc2 Bxc3 6. bxc3 e4 7. Ng5 d5 8.
cxd5 Qxd5 9. f4 h6 10. c4 Qf5 11. Nh3 O-O 12. Bb2 Re8 13. Nf2 Ng4 14. Be2 Nxf2
15. Kxf2 Qg6 16. g4 Rd8 17. Qc3 Rd6 18. h4 a5 19. c5 Rd8 20. g5 Nb4 21. h5 Qh7
22. g6 fxg6 23. hxg6 Qh8 24. Qc4+ 1-0

[Event "Reykjavik Open 2018"]
[Site "Reykjavik ISL"]
[Date "2018.03.08"]
[Round "4.43"]
[White "Baldvinsson, Loftur"]
[Black "Thorsteinsson, Thorsteinn"]
[Result "0-1"]
[BlackTitle "FM"]
[WhiteElo "1977"]
[BlackElo "2317"]
[WhiteFideId "2301261"]
[BlackFideId "2300281"]
[EventDate "2018.03.06"]

1. e4 c5 2. Nf3 Nc6 3. Nc3 g6 4. d3 Bg7 5. g3 d6 6. Bg2 e5 7. Nd5 Nce7 8. Ne3
Rb8 9. h4 h6 10. h5 g5 11. g4 Nf6 12. Nf5 Nxf5 13. gxf5 b5 14. Nxg5 hxg5 15.
Bxg5 Bh6 16. Bxh6 Rxh6 17. Qd2 Ng8 18. O-O-O Qf6 19. Rdg1 Ke7 20. Qa5 Bd7 21. f4
Rh8 22. Qxa7 Rc8 23. fxe5 Qxe5 24. d4 cxd4 25. f6+ Nxf6 26. Bh3 Ra8 27. Qb7 Rhb8
28. Qc7 Rc8 29. Qb7 Rab8 30. Qa7 d3 31. Bxd7 Rxc2+ 32. Kd1 Nxd7 33. Rh3 Qxb2 0-1

[Event "Reykjavik Open 2018"]
[Site "Reykjavik ISL"]
[Date "2018.03.08"]
[Round "4.44"]
[White "Van den Bersselaar, Henri"]
[Black "Stefansson, Vignir Vatnar"]
[Result "0-1"]
[BlackTitle "FM"]
[WhiteElo "1956"]
[BlackElo "2300"]
[WhiteFideId "1022032"]
[BlackFideId "2308649"]
[EventDate "2018.03.06"]

1. d4 f5 2. Qd3 d5 3. Bf4 Nf6 4. Nf3 e6 5. e3 b6 6. Qb3 Bb7 7. Be2 Be7 8. c4 O-O
9. Nc3 c6 10. Ne5 Nbd7 11. O-O-O Nxe5 12. Bxe5 Nd7 13. f4 Nxe5 14. dxe5 Bc5 15.
Na4 Qe7 16. Bf3 dxc4 17. Qc3 Bb4 18. Qc2 b5 19. Nc3 a5 20. Ne2 a4 21. Nd4 Bc5
22. Rhe1 Bxd4 23. Rxd4 a3 24. b3 Qb4 25. Red1 c5 26. Rd7 Bxf3 27. gxf3 cxb3 28.
Qxb3 Qxb3 29. axb3 c4 30. b4 a2 31. Kb2 a1=Q+ 32. Rxa1 c3+ 0-1

[Event "Reykjavik Open 2018"]
[Site "Reykjavik ISL"]
[Date "2018.03.08"]
[Round "4.45"]
[White "Povah, Nigel E"]
[Black "Meyer, Juergen"]
[Result "1-0"]
[WhiteTitle "IM"]
[WhiteElo "2284"]
[BlackElo "1926"]
[WhiteFideId "400467"]
[BlackFideId "24661759"]
[EventDate "2018.03.06"]

1. d4 d5 2. Bg5 h6 3. Bh4 c6 4. c4 Qa5+ 5. Nc3 e6 6. e3 Be7 7. Bxe7 Nxe7 8. Nf3
Nd7 9. a3 dxc4 10. Bxc4 Nd5 11. b4 Nxc3 12. Qb3 Qf5 13. Qxc3 O-O 14. O-O Qf6 15.
e4 Rd8 16. Rad1 b6 17. e5 Qe7 18. Nd2 Bb7 19. Ne4 a5 20. Nd6 axb4 21. axb4 Ra7
22. f4 c5 23. f5 Bd5 24. fxe6 Qxe6 25. Bxd5 Qxd5 26. Rxf7 Ra2 27. Qg3 g5 28.
bxc5 bxc5 29. h4 cxd4 30. hxg5 Qxe5 31. Qh4 Qxg5 32. Qxg5+ hxg5 33. Rf5 Ra4 34.
Rdf1 Nb6 35. Rxg5+ Kh7 36. Ne4 Nd5 37. Rxd5 Rxd5 38. Nf6+ Kg6 39. Nxd5 1-0

[Event "Reykjavik Open 2018"]
[Site "Reykjavik ISL"]
[Date "2018.03.08"]
[Round "4.46"]
[White "Shailesh, Dravid"]
[Black "Jacobsen, Heidrikur T."]
[Result "1-0"]
[WhiteTitle "FM"]
[WhiteElo "2246"]
[BlackElo "1887"]
[WhiteFideId "25017969"]
[BlackFideId "7200340"]
[EventDate "2018.03.06"]

1. e4 d6 2. d4 g6 3. Nc3 Bg7 4. Nf3 Nf6 5. Be2 O-O 6. O-O a5 7. h3 Nfd7 8. Bg5
f6 9. Bh4 e5 10. dxe5 dxe5 11. Qd5+ Kh8 12. Rfd1 Qe7 13. Qd3 Nb6 14. Nd2 Be6 15.
Nd5 Bxd5 16. exd5 g5 17. Bg3 f5 18. f3 N8d7 19. c4 Nc5 20. Qc2 Rae8 21. Nb3 e4
22. d6 cxd6 23. Bxd6 Nxb3 24. Qxb3 1-0

[Event "Reykjavik Open 2018"]
[Site "Reykjavik ISL"]
[Date "2018.03.08"]
[Round "4.47"]
[White "Fivelstad, Jon Olav"]
[Black "Ragnarsson, Dagur"]
[Result "0-1"]
[BlackTitle "FM"]
[WhiteElo "1916"]
[BlackElo "2236"]
[WhiteFideId "1510339"]
[BlackFideId "2304058"]
[EventDate "2018.03.06"]

1. e4 c5 2. b3 e6 3. Bb2 b6 4. Nf3 Bb7 5. Nc3 Nc6 6. d4 cxd4 7. Nxd4 Nf6 8. a3
Nxd4 9. Qxd4 Bc5 10. Qd3 Ng4 11. O-O-O Nxf2 12. Qg3 Nxd1 13. Nxd1 Rg8 14. Bd3
Qb8 15. Qh4 Qd6 16. b4 Bd4 17. Nc3 Qe5 18. Nd1 g5 19. Qe1 Bxb2+ 20. Nxb2 O-O-O
21. Kb1 d5 22. Qe2 Kb8 23. Rf1 f5 24. exf5 Qxe2 25. Bxe2 exf5 26. Rxf5 Rdf8 27.
Rxf8+ Rxf8 28. Nd1 d4 29. g3 Bf3 30. Bxf3 Rxf3 0-1

[Event "Reykjavik Open 2018"]
[Site "Reykjavik ISL"]
[Date "2018.03.08"]
[Round "4.48"]
[White "Bergsson, Stefan"]
[Black "Goldammer, Christian"]
[Result "1/2-1/2"]
[WhiteElo "2201"]
[BlackElo "1885"]
[WhiteFideId "2301393"]
[BlackFideId "30947200"]
[EventDate "2018.03.06"]

1. c4 Nf6 2. Nc3 g6 3. e4 d6 4. d4 Bg7 5. Be2 O-O 6. Be3 e5 7. d5 a5 8. g4 Ne8
9. g5 f5 10. gxf6 Nxf6 11. h4 Na6 12. h5 gxh5 13. Bxh5 Nc5 14. f3 c6 15. Qd2 b5
16. cxb5 cxb5 17. Nd1 b4 18. Nf2 Ba6 19. Bxc5 dxc5 20. Bg4 Bc8 21. Bxc8 Rxc8 22.
Ne2 c4 23. Rc1 Ne8 24. Rh3 Nd6 25. Kf1 Nf7 26. Rh5 Qf6 27. Rf5 Qg6 28. Ng4 h5
29. Nf2 Bh6 30. f4 Nd6 31. Rxe5 Rce8 32. Re6 Rxe6 33. dxe6 Qxe6 34. Qe3 Qf7 35.
Rd1 Ne8 36. Rd5 Bxf4 37. Qd4 Bh6 38. Rf5 Qg7 39. Qxc4+ Kh8 40. Qc6 Rxf5 41. exf5
Nf6 42. Qa8+ Kh7 43. Qxa5 Ng4 44. Nxg4 Qxg4 45. Qc7+ Bg7 46. Qc2 Qf3+ 47. Ke1
Qh1+ 48. Kf2 Qh2+ 49. Kf3 Qh3+ 50. Ke4 Qg2+ 51. Kf4 Qf2+ 52. Kg5 Qe3+ 53. Kxh5
Qf3+ 54. Kg5 Qg2+ 55. Kf4 Qf2+ 56. Ke4 Qg2+ 57. Kd3 Qd5+ 58. Ke3 Qe5+ 59. Qe4
Qxe4+ 60. Kxe4 Bxb2 61. Kd5 Bg7 62. Nd4 Bf8 63. Ke6 Bc5 64. Nf3 Kg7 65. Ne1 Bd4
66. Nd3 Bc3 67. Ne5 Bxe5 68. Kxe5 Kf7 69. f6 Kf8 70. Kf5 Kf7 71. Ke5 Kf8 72. Ke6
Ke8 73. Ke5 Kf7 74. Kf5 Kf8 75. Kg4 Kg8 76. Kh5 Kf7 77. Kg5 Kf8 78. Kf4 Ke8 79.
Ke4 Kf7 80. Ke5 Kf8 81. Kd4 Kf7 82. Kc5 Kxf6 83. Kxb4 Ke7 84. Kb5 Kd8 85. Kb6
Kc8 86. Ka7 Kc7 87. a4 Kc8 88. a5 Kc7 89. Ka8 Kc8 90. a6 Kc7 91. a7 1/2-1/2

[Event "Reykjavik Open 2018"]
[Site "Reykjavik ISL"]
[Date "2018.03.08"]
[Round "4.49"]
[White "Andrason, Pall"]
[Black "Laustsen, Lars"]
[Result "0-1"]
[WhiteElo "1858"]
[BlackElo "2201"]
[WhiteFideId "2300630"]
[BlackFideId "1407554"]
[EventDate "2018.03.06"]

1. d4 d5 2. c4 c6 3. cxd5 cxd5 4. Nc3 Nf6 5. Nf3 Nc6 6. Bf4 Bf5 7. e3 e6 8. a3
Be7 9. Bd3 Bxd3 10. Qxd3 O-O 11. O-O Nd7 12. Rac1 Nb6 13. Nd2 Qd7 14. Qb5 Rfc8
15. Na4 Nxd4 16. Qxd7 Ne2+ 17. Kh1 Nxd7 0-1

[Event "Reykjavik Open 2018"]
[Site "Reykjavik ISL"]
[Date "2018.03.08"]
[Round "4.50"]
[White "Mirza, Diana"]
[Black "Giacomini, Hector"]
[Result "0-1"]
[WhiteTitle "WFM"]
[WhiteElo "1849"]
[BlackElo "2193"]
[WhiteFideId "2503999"]
[BlackFideId "605352"]
[EventDate "2018.03.06"]

1. e4 c6 2. d4 d5 3. exd5 cxd5 4. Bd3 Nc6 5. c3 Nf6 6. Bf4 Bg4 7. Qb3 Qc8 8. Nd2
e6 9. Ngf3 Be7 10. O-O Bh5 11. Rfe1 O-O 12. Ne5 Bd6 13. Bg3 Qc7 14. Rac1 Rfc8
15. Ndf3 Rab8 16. Qc2 Ne7 17. Nh4 b5 18. Qd2 Qd8 19. f4 Bg6 20. Nhxg6 hxg6 21.
Qe2 Qe8 22. Bf2 b4 23. cxb4 Bxb4 24. Rxc8 Rxc8 25. Rf1 Rc7 26. g4 Qc8 27. Be3
Bd6 28. h4 Ne4 29. Qh2 f6 30. Nf3 Qe8 31. Nd2 f5 32. g5 Kf7 33. Nf3 Qh8 34. Ne5+
Bxe5 35. dxe5 Qc8 36. Re1 Nc5 37. Bb1 Na4 38. Bd3 Nb6 39. Qf2 Rc6 40. Re2 Qb7
41. Bb5 Rc8 42. a4 a6 43. Bxb6 axb5 44. a5 Rc1+ 45. Re1 Rc4 46. b3 Rc8 47. Re2
d4 48. Bxd4 Nd5 49. Kh2 b4 50. Bb6 Rc3 51. Rc2 Rxb3 52. Qc5 Ne7 53. Bd8 Nd5 54.
Bb6 Ra3 55. Qd6 Rc3 56. Rxc3 bxc3 57. Bc5 Qc8 58. Ba3 c2 59. Bc1 Qc4 60. Qd7+
Ne7 61. Qd2 Nd5 62. a6 Qa4 63. a7 Qxa7 64. Qxc2 Qd4 65. Qd2 Qc4 66. Kg3 Nc3 67.
Qd7+ Kg8 68. Be3 Ne4+ 69. Kh3 Qf1+ 70. Kh2 Qe2+ 71. Kh1 Ng3+ 0-1